000 00642nam a2200253 a 4500
001 nice12345678
003 IN_TiNIC
005 20260116013716.0
008 050524s1995 newa grp 000 0 eng
020 _a8185990
_c20
082 0 0 _a324.245408
_bCHA
100 _aChatterjee, Abhas
245 _aConcept of Hindu Nation
260 _aNew Delhi
_bVoice of India
_c1995
300 _a69p
500 _aincludes index and biblioraphy
505 2 _aEnd Noted, Index
650 _aReligious Fundamentalism-Hindu
650 _aHindutva
700 1 _aChatterjee, Abhas
902 _bSRS
942 _cBK
999 _c12084
_d12084